Greek languages on a map - Statistics

General Stats
  • This quiz has been taken 175 times
  • The average score is 4 of 6
Answers on the Map
Answers color-coded by a green-red scale on the quiz's map according to % correct below.
 
Answer Stats
Answer % Correct
Greek
98%
Cypriot Greek
83%
Pontic
63%
Tsakonian
49%
Italiot Greek
35%
Cappadocian Greek
26%
No matching quizzes found
Score Distribution
Percent of People with Each Score
Percentile by Number Answered
Your Score History
You have not taken this quiz